000 00559nam a2200205 a 4500
005 20210223123926.0
008 991125n 000 0 u
035 _aUPN01000081569
100 1 _aJensen, Eric
_935341
222 0 _aCOMPUTING TEACHER
245 0 _aHypercard and apple share help at-risk students
300 _a26-29
362 _a18, No. 6, 1991
505 _aJulio 1991
653 0 _aDISEÑO ASISTIDO POR ORDENADOR
653 0 _aESTUDIANTES DE ALTO RIESGO
653 0 _aMICROCOMPUTADORAS
904 _aAC
_b019380
905 _aArticulo
999 _c70007
_d70007